| 000 | 00527nam a2200193Ia 4500 | ||
|---|---|---|---|
| 005 | 20240729030751.0 | ||
| 008 | 240331s9999 xx 000 0 und d | ||
| 020 | _a9187380625 | ||
| 082 |
_bORJ _a303.64 |
||
| 100 | _aOrjuela,C | ||
| 245 | 0 |
_aCivil society in civil war : _bpeace work and identity politics in Sri Lanka |
|
| 250 | _a2nd edition | ||
| 260 |
_aSweden _bDepartment of Peace and development Research _c2005 |
||
| 300 | _a303 p ., | ||
| 650 | _a Civil | ||
| 650 | _aPolitics | ||
| 650 | _aSociety | ||
| 942 | _cL | ||
| 999 |
_c1312 _d1312 |
||